From Hus to Luther

Titel: From Hus to Luther : Visual Culture in the Bohemian Reformation (1380-1620) / edited by Kateřina Horníčková and Michal Šroněk
Beteiligt: ;
Veröffentlicht: Turnhout, Belgium : Brepols, [2016]
Umfang: xx, 323 Seiten : Illustrationen
Format: Buch
Sprache: Englisch
Schriftenreihe/
mehrbändiges Werk:
Medieval church studies ; volume 33
RVK-Notation:
Schlagworte:
ISBN: 2503548059 ; 9782503548050 ; 9782503567228
Buchumschlag
X
Lokale Klassifikation: 23 11 G ; 23 4 J ; 23 15 O ; 23 9 L ; 23 9 G
alg: 38731428
001A    $00004:29-09-16 
001B    $01999:09-06-23 $t23:13:19.000 
001C    $00004:14-02-17 $t09:20:51.000 
001D    $03004:26-01-17 
001U    $0utf8 
001X    $00 
002@    $0Aau 
002C    $aText $btxt $2rdacontent 
002D    $aohne Hilfsmittel zu benutzen $bn $2rdamedia 
002E    $aBand $bnc $2rdacarrier 
003@    $0387314288 
003O    $01041929322 $aOCoLC 
004A    $02-503-54805-9 
004A    $A978-2-503-54805-0 
004O    $A978-2-503-56722-8 $So $fE-Book 
007A    $0387314288 $aHEB 
007G    $0DE02085AF51AE9B067713C12580B5004FD562 
009P    $qapplication/pdf $A2 $3Inhaltsverzeichnis $uhttp://scans.hebis.de/HEBCGI/show.pl?38731428_toc.pdf $mV:DE-603;B:DE-Mb50 
009P    $qapplication/pdf $A2 $3Klappentext $uhttp://scans.hebis.de/HEBCGI/show.pl?38731428_kla.pdf $mV:DE-576;B:DE-21 
009P    $qapplication/pdf $A2 $3Rezension $uhttp://scans.hebis.de/HEBCGI/show.pl?38731428_rez.pdf $mV:DE-576;B:DE-16 
010@    $aeng 
010E    $erda 
011@    $a2016 $n[2016] 
011F    $n© 2016 
013D    $#Beiträge Formschlagwort $#Einzelbeiträge $#Sammelwerk Formschlagwort $74143413-4 $8Aufsatzsammlung [Ts1] $9085562742 
021A    $aFrom Hus to Luther $dVisual Culture in the Bohemian Reformation (1380-1620) $hedited by Kateřina Horníčková and Michal Šroněk 
028C    $BHerausgeber $4edt $7136353339 $8Horníčková, Kateřina$Z1973- [Tp3] $9204667089 
028C    $BHerausgeber $#Šroněk, Michal $#Šroněk, Michael $4edt $7132757761 $8Šroněk, Michal$Z1952- [Tp1] $9185265804 
033A    $pTurnhout, Belgium $nBrepols 
034D    $axx, 323 Seiten 
034M    $aIllustrationen 
036E    $aMedieval church studies $lvolume 33 
039U    $8--Oou--Fudge, Thomas A.$Z1962- [Tp1]. [Kateřina Horníčková, 2017 $9475405838 
044K    $RProtektorat Böhmen und Mähren $RBöhmische Länder $RTschechoslowakei $#Böhmen $#Čech $#Königreich Böhmen $#České Království $#Království České $#Kronland Böhmen $#Čechy $#Ceské Království $#Království Ceské $74007467-5 $8Böhmen [Tg1] $9085012173 
044K    $RReformator $RReformatorin $#Reformation $#Réforme protestante $#Reforma $#Reformation $74048946-2 $8Reformation [Ts1] $9085136344 
044K    $RRezeption $#Hussites $#Hussites $#Husitas $#Hussit $#Hussitismus $#Husiten $74137460-5 $8Hussiten [Ts1] $908551540X 
044K    $RReligiöse Kunst $#Christian art and symbolism $#Art chrétien $#Arte cristiana $#Arte religioso $#Simbolismo cristiano $#Kirchliche Kunst $#Sakralkunst Christliche Kunst $#Sakrale Kunst Christliche Kunst $#Christentum Kunst $74010109-5 $8Christliche Kunst [Ts1] $9085019704 
044K    $RMalerei $RIllustration $RIlluminierte Handschrift $#Illumination of books and manuscripts $#Enluminure $#Iluminación de manuscritos $#Buchillumination $#Handschrift Miniatur $#Handschriftenillustration $#Illumination Buchmalerei $#Miniaturmalerei Handschrift $#Handschrift Illustration $74008650-1 $8Buchmalerei [Ts1] $9085015180 
044K    $RHussiten $74756291-2 $8Utraquisten [Ts1] $9115226184 
045F    $a200.94371 $eDDC23BSB 
045F/01 $a200.9 
045F/03 $g4371 
045G    $a709.4371 $eDDC23BSB 
045G/01 $a709 
045G/03 $g4371 
045H    $a306.09437109031 $eDDC23BSB 
045H/01 $a306.09 
045H/03 $f09031 
045H/03 $f09032 
045H/03 $g4371 
045R    $aGeschichte 1380-1620 
045Z    $8BP 2050 [Tkv] $9407478264 
045Z    $8BP 6860 [Tkv] $9407480986 
045Z    $8BO 5365 [Tkv] $9407474447 
045Z    $8BO 5070 [Tkv] $9407474021 

lok: 38731428 3
101B    $017-09-19 $t11:42:52.000 
101C    $017-09-19 
101U    $0utf8 
145S/01 $a004 

exp: 38731428 3 1 #EPN
201B/01 $002-09-22 $t11:23:27.000 
201C/01 $012-08-19 
201U/01 $0utf8 
203@/01 $01057676993 
208@/01 $a17-09-19 $bzCt 
209A/01 $a03/BP 2050 H816 $db $f050 $h03 BP 2050 H816 $x00 
209B/01 $a4707 $x05 
209C/01 $aK 19/488 $hK 19 488 
209G/01 $a3001214412 $x00 
247C/01 $8601050-7 <30/50>Frankfurt, Universitätsbibliothek J. C. Senckenberg, Bibliothek Sprach- und Kulturwissenschaften (BSKW) $9486206378 

lok: 38731428 8

exp: 38731428 8 1 #EPN
201B/01 $005-09-25 $t16:51:42.000 
201C/01 $026-06-18 
201U/01 $0utf8 
203@/01 $0102384236X 
208@/01 $a22-10-18 $bz 
209A/01 $a/BP 6860 H816 $du $f000 $x00 
209G/01 $a53875220 $x00 
209G/01 $a3. Obergeschoss $x01 
247C/01 $8611000-9 <17>Darmstadt, TU Darmstadt, Universitäts- und Landesbibliothek - Stadtmitte $9102595879 

lok: 38731428 24
101B    $026-01-17 $t09:59:37.000 
101C    $026-01-17 
101U    $0utf8 
145Z/01 $a23 11 G 
145Z/02 $a23 4 J 
145Z/03 $a23 15 O 
145Z/04 $a23 9 L 
145Z/05 $a23 9 G 

exp: 38731428 24 1 #EPN
201B/01 $026-01-17 $t13:30:10.000 
201C/01 $013-10-16 
201U/01 $0utf8 
203@/01 $0784789851 
208@/01 $a26-01-17 $bz 
209A/01 $a17.00025 $du $f050 $h17 00025 $x00 
209C/01 $a17.00025 K $h17 00025 K 
209G/01 $a73773695 $x00 
220C/01 $aeng/hae 
247C/01 $8358050-7 Marburg, Bibliothek des Herder-Instituts Marburg $9102600961 

lok: 38731428 78

exp: 38731428 78 1 #EPN
201B/01 $013-12-19 $t14:17:34.000 
201C/01 $013-12-19 
201U/01 $0utf8 
203@/01 $01072605031 
208@/01 $a13-12-19 $be 
209A/01 $a/ $f000 $x00 
209A/01 $ab*p $x01 
220C/01 $apgar 
244Z/01 $#Böhmische Kronländer $#Länder der Böhmischen Krone $#Sudetenland $#Böhmen $#Mähren $#Mährisch-Schlesien $#Österreichisch-Schlesien $#Tschechische Sozialistische Republik Böhmische Länder $#Tschechei Böhmische Länder $#Země koruny české $74069573-6 $8--Tg1--Böhmische Länder $x01 $9085195553 
247C/01 $82080>Marburg/Lahn, Herder-Institut, Forschungsbibliothek, Bibliographieportal $9336309341 

lok: 38731428 205

exp: 38731428 205 1 #EPN
201B/01 $020-08-19 $t11:40:55.000 
201C/01 $029-09-16 
201U/01 $0utf8 
203@/01 $0783186606 
208@/01 $a10-03-17 $bz 
209A/01 $a001 NZN D 85122 $db $f000 $x00 
209B/01 $a80 $x05 
209C/01 $a8 2017/00081 
209G/01 $a67929527 $x00 
209G/01 $aFreihandbereich $x01 
220B/01 $aaltbik403 
247C/01 $8351000-1 <4>Marburg, Universität Marburg, Universitätsbibliothek $9102594767
LEADER 00000cam a2200000 c 4500
001 387314288
003 DE-603
005 20230609231319.0
007 tu
008 160929s2016 xx |||| | u00||u|eng c
020 |a 2503548059 
020 |a 9782503548050 
035 |a (DE-599)HEB387314288 
035 |a (OCoLC)1041929322 
040 |a DE-603  |b ger  |c DE-603  |d DE-603  |e rda 
041 |a eng 
082 0 4 |8 1\u  |a 200.94371  |q DE-101  |2 23/BSB 
083 0 |8 2\u  |a 709.4371  |q DE-101  |2 23/BSB 
083 0 |8 3\u  |a 306.09437109031  |q DE-101  |2 23/BSB 
084 |a BP 2050  |0 (DE-625)14941:  |0 (DE-603)407478264  |2 rvk 
084 |a BP 6860  |0 (DE-625)15100:  |0 (DE-603)407480986  |2 rvk 
084 |a BO 5365  |0 (DE-625)14559:  |0 (DE-603)407474447  |2 rvk 
084 |a BO 5070  |0 (DE-625)14517:  |0 (DE-603)407474021  |2 rvk 
085 |8 1\u  |b 200.9 
085 |8 1\u  |z 2  |s 4371 
085 |8 2\u  |b 709 
085 |8 2\u  |z 2  |s 4371 
085 |8 3\u  |b 306.09 
085 |8 3\u  |z 1  |s 09031 
085 |8 3\u  |z 1  |s 09032 
085 |8 3\u  |z 2  |s 4371 
245 0 0 |a From Hus to Luther  |b Visual Culture in the Bohemian Reformation (1380-1620)  |c edited by Kateřina Horníčková and Michal Šroněk 
264 1 |a Turnhout, Belgium  |b Brepols  |c [2016] 
264 4 |c © 2016 
300 |a xx, 323 Seiten  |b Illustrationen 
336 |a Text  |b txt  |2 rdacontent 
337 |a ohne Hilfsmittel zu benutzen  |b n  |2 rdamedia 
338 |a Band  |b nc  |2 rdacarrier 
490 0 |a Medieval church studies  |v volume 33 
648 7 |a Geschichte 1380-1620  |2 gnd 
650 7 |a Reformation  |0 (DE-588)4048946-2  |0 (DE-603)085136344  |2 gnd 
650 7 |a Hussiten  |0 (DE-588)4137460-5  |0 (DE-603)08551540X  |2 gnd 
650 7 |a Christliche Kunst  |0 (DE-588)4010109-5  |0 (DE-603)085019704  |2 gnd 
650 7 |a Buchmalerei  |0 (DE-588)4008650-1  |0 (DE-603)085015180  |2 gnd 
650 7 |a Utraquisten  |0 (DE-588)4756291-2  |0 (DE-603)115226184  |2 gnd 
651 7 |a Böhmen  |0 (DE-588)4007467-5  |0 (DE-603)085012173  |2 gnd 
655 7 |a Aufsatzsammlung  |2 gnd-content  |0 (DE-588)4143413-4  |0 (DE-603)085562742 
700 1 |a Horníčková, Kateřina  |d 1973-  |e Herausgeber  |4 edt  |0 (DE-603)204667089  |0 (DE-588)136353339  |2 gnd 
700 1 |a Šroněk, Michal  |d 1952-  |e Herausgeber  |4 edt  |0 (DE-603)185265804  |0 (DE-588)132757761  |2 gnd 
776 1 |z 9782503567228 
787 0 8 |i Rezensiert in  |a Fudge, Thomas A., 1962-  |t [Kateřina Horníčková  |w (DE-603)475405838 
856 4 2 |m V:DE-603;B:DE-Mb50  |q application/pdf  |u http://scans.hebis.de/HEBCGI/show.pl?38731428_toc.pdf  |3 Inhaltsverzeichnis 
856 4 2 |m V:DE-576;B:DE-21  |q application/pdf  |u http://scans.hebis.de/HEBCGI/show.pl?38731428_kla.pdf  |3 Klappentext 
856 4 2 |m V:DE-576;B:DE-16  |q application/pdf  |u http://scans.hebis.de/HEBCGI/show.pl?38731428_rez.pdf  |3 Rezension 
924 0 |9 30/50  |a (DE-603)1057676993  |b DE-30-50  |c HES  |d d  |g 03/BP 2050 H816 
924 0 |9 17  |a (DE-603)102384236X  |b DE-17  |c HES  |d c  |g /BP 6860 H816  |h 3. Obergeschoss 
924 0 |9 Mb 50  |a (DE-603)784789851  |b DE-Mb50  |c HES  |d c  |g 17.00025 
924 0 |9 2080  |a (DE-603)1072605031  |b DE-2080  |c HES  |d d  |g / 
924 0 |9 4  |a (DE-603)783186606  |b DE-4  |c HES  |d c  |g 001 NZN D 85122  |h Freihandbereich